Statistics for What countries do I want to visit?

Click here to take the quiz!

General Stats

  • This quiz has been taken 27 times
  • The average score is 11 of 17

Answer Stats

HintAnswer% Correct
EuropeFrance
95%
EuropeUK
95%
EuropeItaly
90%
Europe/AsiaRussia
90%
South AmericaBrazil
86%
EuropeGreece
86%
EuropeSpain
86%
South AmericaArgentina
81%
AfricaEgypt
71%
North AmericaUSA
71%
EuropeNorway
67%
OceaniaFiji
62%
EuropeNetherlands
57%
AfricaGhana
29%
EuropeAlbania
19%
AsiaJordan
14%
AsiaLebanon
14%

Score Distribution

Percentile by Number Answered

Percent of People with Each Score

Your Score History

You have not taken this quiz